| Поле | Инд. | ПП | Название | Значение |
|---|---|---|---|---|
| Тип записи | a | |||
| Библиографический уровень | m | |||
| 001 | Контрольный номер | RU/IS/BASE/354711405 | ||
| 005 | Дата корректировки | 20140703194621.9 | ||
| 040 | a | Служба первич. каталог. | НБ ТвГУ | |
| b | Код языка каталог. | rus | ||
| e | Правила каталог. | PSBO | ||
| 041 | 0_ | a | Код языка текста | rus |
| 080 | a | Индекс УДК | 316.61(043.3) | |
| 084 | a | Индекс другой классификации/Индекс ББК | С027.9я031 | |
| 084 | a | Индекс другой классификации/Индекс ББК | С53я031 | |
| 090 | a | Полочн. индекс | С027.9 | |
| x | Авторский знак | П 44 | ||
| 100 | 1_ | a | Автор | Подолько Олег Ефимович |
| q | Полное имя | Подолько О. Е. | ||
| 245 | 10 | a | Заглавие | Достоинство: личностное измерение и риск ответственности |
| b | Продолж. заглавия | дис. ... канд. филос. наук : 09.00.11 | ||
| c | Ответственность | Твер. гос. техн. ун-т | ||
| 260 | a | Место издания | Тверь | |
| c | Дата издания | 2011 | ||
| 300 | a | Объем | 193 с. | |
| 500 | a | Примечание | На правах рукоп. | |
| 502 | a | Примечание о диссертации | Дис.(канд.) - Тверской государственный технический университет, 2011 | |
| 504 | a | Библиография | Библиогр.: с. 184-193 (185 назв.) | |
| 653 | a | Ключевые слова | Диссертации | |
| a | Ключевые слова | Достоинство личности | ||
| a | Ключевые слова | Личность и общество | ||
| a | Ключевые слова | Общественные отношения | ||
| a | Ключевые слова | Ответственность (филос.) | ||
| a | Ключевые слова | Риски ответственности | ||
| a | Ключевые слова | Социальная философия | ||
| a | Ключевые слова | Социокультурная сфера | ||
| a | Ключевые слова | Социология личности | ||
| a | Ключевые слова | Социум | ||
| a | Ключевые слова | Философия | ||
| 901 | t | Тип документа | m | |
| 920 | a | Оператор | Густ | |
| 930 | a | Новая/Ретро | диссертации | |
| 952 | c | Вид литературы | Дис н | |
| 954 | a | Дата поступления на обработку | 20110330 |